000 00680nam a2200241Ia 4500
003 OSt
005 20220926022948.0
006 a|||||r|||| 00| 0
007 ta
008 220923b |||||||| |||| 00| 0 eng d
037 _cGeneral Book
040 _aRTL
_cRTL
_beng
041 _2eng
_aeng
082 _aB28, K8
100 _aBracken Jerome
_9328500
245 0 _aSelected applictions of nonlinear programming
260 _aNew York
_bWiley
_c1968
300 _axii , 110p
_ccm.
650 _aStatistics
_935791
700 _a McCormick Garth P
_9150850
942 _hB28, K8
_cGB
_2CC
999 _c640677
_d640677